| 000 | 00867cam a2200277 i 4500 | ||
|---|---|---|---|
| 001 | 42563 | ||
| 003 | Mx-PuUPA | ||
| 005 | 20240430121615.0 | ||
| 008 | 140415s1996 mx a gr 000 0 spa d | ||
| 020 | _a9687592087 | ||
| 040 |
_aMx-PuUPA _cMx-PuUPA _bspa _dMx-PuUPA _erda |
||
| 041 | 0 | _aspa | |
| 100 | 1 |
_aGonzález, Luis Jorge _eautor |
|
| 245 | 1 | 0 |
_aSer creativo : _blibera a tu artista interior con PNL / _cLuis Jorge González |
| 250 | _a1a. edición | ||
| 264 | 1 |
_aMonterrey, N.L. : _bEditorial Font, _c1996 |
|
| 300 |
_a213 páginas ; _c21 cm |
||
| 336 |
_2rdacontent _atexto _btxt |
||
| 337 |
_2rdamedia _asin medio _bn |
||
| 338 |
_2rdacarrier _avolumen _bnc |
||
| 650 | 7 |
_2armarc _aAptitud creadora |
|
| 650 | 7 |
_2armarc _aEducación _xCreatividad |
|
| 942 |
_2ddc _cLI _h370.118 _iG635 |
||
| 999 |
_c42563 _d42563 |
||